| 000 | 00000nam##2200000za#4500 |
| 001 | 9.581548 |
| 003 | CaOODSP |
| 005 | 20210624191553 |
| 007 | cr ||||||||||| |
| 008 | 150406|2015||||xxc|||||o f|0| 0 eng|d |
| 022 | |a1919-3769 |
| 040 | |aCaOODSP|beng |
| 043 | |an-cn--- |
| 086 | 1 |aFs70-7/2014-044E-PDF |
| 110 | 1 |aCanada. |bDepartment of Fisheries and Oceans. |
| 245 | 10|aInformation on potential sensitive benthic areas in the Bay of Fundy : |h[electronic resource]|bHead Harbour/West Isles/Passages and the Modiolus Reefs, Nova Scotia Shore |
| 260 | |aDartmouth - Nova Scotia : |bFisheries and Oceans Canada |cFebruary 2015. |
| 300 | |a20p.|bcoloured figs., references, tables |
| 490 | 1 |aCanadian Science Advisory Secretariat - science response|x1919-3769|v2014/044, Maritimes Region |
| 590 | |a15-10|b2015-03-06 |
| 775 | 08|tRenseignements sur les zones benthiques vulnérables dans la baie de Fundy : |w(CaOODSP)9.608325 |
| 830 | #0|aScience response (Canadian Science Advisory Secretariat)|x1919-3769|v2014/044, Maritimes Region|w(CaOODSP)9.506232 |
| 856 | 40|ahttp://publications.gc.ca|qPDF|s1.02 MB|uhttps://publications.gc.ca/collections/collection_2015/mpo-dfo/Fs70-7-2014-44-eng.pdf|y2014/044, Maritimes Region |